Pays frontalier de la Turquie - Mort subite - Statistiques

Statistiques générales
  • Ce quiz a été pris 486 fois
  • Le résultat moyen est 4 sur 8
Answers on the Grid
Answers color-coded by a green-red scale on the quiz's grid according to % correct below.
Roumanie
Bulgarie
Chypre
Grèce
Israel
Arménie
Irak
Syrie
Jordanie
Iran
Liban
Azerbaïdjan
Turkménistan
Russie
Géorgie
Macédoine du Nord
 
Statistiques - réponses
Réponse % Correct
Grèce
71%
Syrie
62%
Arménie
59%
Azerbaïdjan
48%
Irak
47%
Bulgarie
46%
Géorgie
46%
Iran
43%
Aucun quiz correspondant
Distribution des résultats
% des personnes avec chaque résultat
Percentile par nombre de réponses
Votre historique - résultats
Vous n’avez pas pris ce quiz